000 00618nam a2200181 a 4500
008 120416s1980 ||||||||||||||||| || u
050 _aHD 9715.7.U62 Ber
100 _aBernhardt, Arthur D
245 1 0 _aBuilding tomorrow
246 _athe mobile/manufactured housing industry
260 _aLondon
_bMIT Press
_c1980
350 _a0.00
650 0 _aHOUSING POLICY
650 _aHOUSING
650 _aBUILDING--HOUSING
700 _aZien, Herbert B
995 _D0.00
_FCBU-MAIN LIBRARY (Kitwe)
_H1
_I0.00
_M1
_UAVAILABLE
_ZAnnex Low-Usage Collection
999 _c36326
_d36326